| 000 | 00810nam a2200253 a 4500 | ||
|---|---|---|---|
| 001 | BRCA_4398 | ||
| 005 | 20190320204645.0 | ||
| 008 | 901219s1995 mx-a#####b---#000-0#spa-# | ||
| 020 | _a9688425842 | ||
| 041 | _aspa | ||
| 044 | _amx | ||
| 050 | 4 |
_aF1233.5 _b.C37 1995 |
|
| 100 | 1 |
_aCastañeda Batres, Oscar _911170 |
|
| 245 | 1 | 0 |
_aRevolución Mexicana y Constitución de 1917 _b1876-1938 _cestudio histórico y selección Oscar Castañeda Batres. |
| 250 | _a3 | ||
| 260 |
_aMéxico _bM. A. Porrúa _c1995 |
||
| 300 |
_a425 p. _bil. _c28 cm. |
||
| 440 | 0 |
_aDocumentos para la historia del México independiente _911171 |
|
| 500 | _aColección Sonia Corcuera de Mancera | ||
| 651 | 4 |
_aMéxico _xHistoria _y1867-1910 _94778 |
|
| 651 | 4 |
_aMéxico _xHistoria _y1910-1946 _94779 |
|
| 902 | _aDSC | ||
| 942 |
_2lcc _cB |
||
| 999 |
_c4109 _d4109 |
||